Stress, Trauma and Substance Use : (Record no. 617339)

MARC details
000 -LEADER
fixed length control field 00457nam a2200181 a 4500
008 - FIXED-LENGTH DATA ELEMENTS--GENERAL INFORMATION
fixed length control field 260310s2008##################000#0#eng##
020 ## - INTERNATIONAL STANDARD BOOK NUMBER
ISBN 9780415400459
082 04 - DEWEY DECIMAL CLASSIFICATION NUMBER
Classification number 362.29
Item number BRI
100 1# - MAIN ENTRY--AUTHOR NAME
Personal name Bride, Brian E.,
245 10 - TITLE STATEMENT
Title Stress, Trauma and Substance Use :
260 ## - PUBLICATION, DISTRIBUTION, ETC. (IMPRINT)
Year of publication 2008.
650 #0 - SUBJECT ADDED ENTRY--TOPICAL TERM
Topical Term Addicts.
942 ## - ADDED ENTRY ELEMENTS (KOHA)
Koha item type English Books
Holdings
Withdrawn status Lost status Damaged status Not for loan Home library Current library Shelving location Date acquired Full call number Accession Number Price effective from Koha item type
        Anna Centenary Library Anna Centenary Library 4TH FLOOR, A WING 10.03.2026 362.29 BRI 151638 10.03.2026 English Books

Find us on the map